Breve historia de la revolución mexicana
Uloženo v:
| Hlavní autor: | |
|---|---|
| Médium: | Kniha |
| Jazyk: | španělština |
| Vydáno: |
Ciudad de México
Fondo de Cultura Económica
1969
|
| Vydání: | 6a. ed |
| Edice: | Colección Popular, 17
|
| Témata: | |
| Tagy: |
Přidat tag
Žádné tagy, Buďte první, kdo vytvoří štítek k tomuto záznamu!
|
MARC
| LEADER | 00000cam a2200000 a 4500 | ||
|---|---|---|---|
| 001 | UCP8635 | ||
| 003 | CL-VaPUC | ||
| 008 | 000310e19690000MX |||||||||||||||||spa|d | ||
| 082 | 0 | 4 | |a 972.0816 |b SIL |2 21 |
| 100 | 0 | |a Silva Herzog, Jesús |e author |9 438722 | |
| 245 | 1 | 0 | |a Breve historia de la revolución mexicana |
| 250 | |a 6a. ed | ||
| 300 | |a 2 v | ||
| 942 | |c BK | ||
| 945 | |d 20000310 00:00:00 |a lriquelm | ||
| 260 | |a Ciudad de México |b Fondo de Cultura Económica |c 1969 | ||
| 500 | |a v.1: Los antecedentes y la etapa Maderista | ||
| 500 | |a v.2: La etapa constitucionalista y la lucha de facciones | ||
| 600 | 0 | 7 | |a MADERO, FRANCISCO I |2 CL-VaPUC |9 438723 |
| 600 | 0 | 7 | |a HUERTA, VICTORIANO |2 CL-VaPUC |9 374000 |
| 600 | 0 | |a Zapata, Emiliano |d 1879-1919 |z México |9 373987 | |
| 600 | 0 | 7 | |a VILLA, FRANCISCO |2 CL-VaPUC |9 373988 |
| 650 | 0 | |a Historia |9 255047 | |
| 650 | 0 | |a Revolución mexicana |9 369585 | |
| 650 | 7 | |a SISTEMAS MONETARIOS |2 CL-VaPUC |9 342366 | |
| 650 | 0 | |a Economía |9 255568 | |
| 650 | 7 | |a PARTIDO LIBERAL |2 CL-VaPUC |9 324644 | |
| 651 | 0 | |a México |9 255269 | |
| 583 | |a last modification |c 20121204 11:04:39 |k Rodrigo Vera | ||
| 490 | 0 | |a Colección Popular, 17 | |
| 999 | |c 285526 |d 285524 | ||
| 952 | |0 0 |1 0 |4 0 |6 972_081600000000000_SIL_1969 |7 0 |8 A |9 330188 |a BIBHIS |b BIBHIS |d 2019-11-20 |h v.1 |i 1385259 |o 972.0816 SIL 1969 |p 1385259 |r 2025-01-20 |w 2019-11-20 |y BK |k HIS | ||
| 952 | |0 0 |1 0 |4 0 |6 972_081600000000000_SIL_1969 |7 0 |8 A |9 330189 |a BIBHIS |b BIBHIS |d 2019-11-20 |h v.2 |i 1385267 |o 972.0816 SIL 1969 |p 1385267 |r 2025-01-20 |w 2019-11-20 |y BK |k HIS | ||
| 952 | |0 0 |1 0 |4 0 |6 972_081600000000000_SIL_1969 |7 0 |8 A |9 330190 |a BIBHIS |b BIBHIS |d 2019-11-20 |h v.1 |i 4931815 |o 972.0816 SIL 1969 |p 4931815 |r 2025-01-20 |w 2019-11-20 |y BK |k HIS | ||
| 952 | |0 0 |1 0 |4 0 |6 972_081600000000000_SIL_1969 |7 0 |8 A |9 330191 |a BIBHIS |b BIBHIS |d 2019-11-20 |h v.2 |i 4931793 |o 972.0816 SIL 1969 |p 4931793 |r 2025-01-20 |w 2019-11-20 |y BK |k HIS | ||